Top 100 Biggest Cities in Countries that Start with P - Statistics

General Stats
  • This quiz has been taken 288 times
  • The average score is 30 of 100
Answers on the Map
Answers color-coded by a green-red scale on the quiz's map according to % correct below.
 
Answer Stats
Country City Population % Correct
Peru Lima 10,795,500
98%
Portugal Lisbon 552,700
98%
Philippines Manila 23,371,436
98%
Poland Warsaw 1,790,658
97%
Portugal Porto 237,591
96%
Poland Kraków 779,115
94%
Panama Panama City 430,299
94%
Pakistan Islamabad 1,009,832
93%
Paraguay Asunción 521,600
91%
Pakistan Karachi 14,916,456
91%
Poland Gdańsk 470,907
88%
Pakistan Lahore 11,126,285
86%
Poland Łódź 679,941
81%
Poland Katowice 292,774
79%
Poland Wrocław 642,849
79%
Philippines Cebu 2,476,708
76%
Papua New Guinea Port Moresby 364,125
73%
Poland Poznań 534,813
72%
Pakistan Rawalpindi 2,098,231
66%
Peru Cusco 477,300
65%
Pakistan Faisalabad 3,204,726
64%
Pakistan Hyderabad 1,734,309
64%
Philippines Davao 1,439,598
61%
Poland Lublin 339,784
58%
Poland Szczecin 401,907
58%
Philippines Angeles 1,332,870
52%
Peru Arequipa 1,081,900
50%
Poland Gdynia 246,348
47%
Pakistan Peshawar 1,970,042
47%
Pakistan Quetta 1,001,205
46%
Pakistan Multan 1,871,843
43%
Peru Trujillo 986,800
41%
Poland Bydgoszcz 348,190
40%
Poland Białystok 297,554
37%
Pakistan Gujranwala 2,027,001
37%
Poland Częstochowa 220,433
29%
Peru Iquitos 422,900
28%
Philippines Zamboanga 695,176
27%
Paraguay Ciudad del Este 304,300
26%
Philippines General Santos City 474,395
26%
Philippines Cagayan de Oro 716,057
19%
Peru Chiclayo 651,100
17%
Pakistan Sialkot 655,852
17%
Peru Huancayo 441,400
16%
Philippines Iloilo 550,767
15%
Philippines Bacolod 617,227
14%
Pakistan Bahawalpur 762,111
13%
Peru Ica 310,600
13%
Peru Piura 522,400
13%
Peru Tacna 321,700
13%
Pakistan Gujrat 390,533
12%
Paraguay San Lorenzo 258,900
11%
Peru Ayacucho 235,200
10%
Philippines Baguio 459,573
10%
Peru Chimbote 386,100
10%
Panama San Miguelito 315,019
10%
Peru Cajamarca 223,900
9%
Peru Juliaca 308,400
9%
Philippines Naga 274,991
9%
Peru Pucallpa 380,000
9%
Pakistan Sargodha 659,862
9%
Pakistan Sukkur 499,900
9%
Paraguay Luque 260,200
8%
Philippines Batangas 390,150
7%
Pakistan Larkana 490,508
7%
Philippines Legazpi 279,370
7%
Pakistan Rahim Yar Khan 420,419
7%
Philippines Tacloban City 288,295
7%
Paraguay Capiatá 241,000
6%
Philippines Lipa 332,386
6%
Pakistan Mardan 358,604
6%
Philippines Tarlac 273,096
6%
Philippines Dagupan 491,827
5%
Pakistan Dera Ghazi Khan 399,064
5%
Pakistan Jhang 414,131
5%
Philippines Olongapo 310,394
5%
Pakistan Sahiwal 389,605
5%
Philippines Cabanatuan City 289,172
4%
Philippines Iligan City 299,054
4%
Philippines Lucena 305,423
4%
Pakistan Mirpur Khas 233,916
4%
Pakistan Nawabshah 279,688
4%
Pakistan Okara 357,935
4%
Philippines San Pablo City 266,068
4%
Pakistan Burewala 231,797
3%
Pakistan Kasur 358,409
3%
Pakistan Khanewal 227,059
3%
Pakistan Kohat 228,779
3%
Pakistan Kotri 259,358
3%
Pakistan Mingora 331,091
3%
Pakistan Sheikhupura 473,129
3%
Pakistan Wah Cantonment 380,103
3%
Pakistan Chiniot 278,747
2%
Philippines Cotabato 342,477
2%
Philippines Gapan City 337,317
2%
Pakistan Hafizabad 245,784
2%
Pakistan Kamoke 249,767
2%
Pakistan Sadiqabad 239,677
2%
Philippines Tanauan 365,716
2%
Philippines Guagua 257,223
1%
No matching quizzes found
Score Distribution
Percent of People with Each Score
Percentile by Number Answered
Your Score History
You have not taken this quiz